000 00960cam1a220021700 4500
001 tmp15752907
003 UPRA
005 20190816104828.0
008 951020s1963 rh eng u
035 _a(Sirsi) r40603
035 _a(UPRA)tmp15752907
040 _cUPRA
110 2 _bRhodesion Selection Trust Group.
_6A101351.1
245 1 0 _aPreliminary study of the application on a large scale of the polder system of agriculture developed from the experience gained on the Kafue Pilot Polder, Kafue Flats, Northern Rhodesia.
260 _aSalisbury :
_bTrust Group,
_c1963.
650 0 _aAgriculture -- Zambia -- Kafue Flats.
_zAgriculture -- Zambia -- Kafue Flats.
_zAgriculture -- Zambia -- Kafue Flats.
_6S73189.1
650 0 _aPolders -- Zambia -- Kafue Flats.
_zPolders -- Zambia -- Kafue Flats.
_zPolders -- Zambia -- Kafue Flats.
_6S73190.1
651 0 _aKafue flats.
_6S36976.1
949 _aS621
_wlcc
_i-49341
_mMAIN
_tBOOK
_lON-SHELF
004 40603
999 _c88859
_d88859